[Event "Foxwoods Open"]
[Site "Mashantucket, Ct"]
[Date "1999.04.03"]
[Round "1"]
[White "Zaremba, Andrei"]
[Black "Betaneli, Alexander"]
[Result "1/2-1/2"]
[WhiteElo "2413"]
[BlackElo "2252"]
[PlyCount "155"]
[EventDate "1999.04.01"]

1. d4 Nf6 2. Nf3 e6 3. g3 d5 4. Bg2 Be7 5. O-O O-O 6. c4 c6 7. b3 b6 8. Bb2
Nbd7 9. Nc3 Ba6 10. Nd2 Rc8 11. e4 dxe4 12. Ndxe4 Nxe4 13. Nxe4 Nf6 14. Qc2
Nxe4 15. Qxe4 Bf6 16. Rfd1 Rc7 17. Rd2 c5 18. Rad1 Rd7 19. Qe3 Qc7 20. dxc5
Rxd2 21. Rxd2 bxc5 22. Bxf6 gxf6 23. Qd3 Bc8 24. Qd6 Qa5 25. Bc6 Qc3 26. Kg2
Kg7 27. Qd3 Qe5 28. f4 Qc7 29. Qd6 Qb6 30. Bf3 Bb7 31. Qxb6 Bxf3+ 32. Kxf3 axb6
33. Rd6 Rb8 34. f5 exf5 35. a4 Kg6 36. Kf4 Rb7 37. h4 h5 38. Rd8 Re7 39. Rg8+
Kh7 40. Rb8 Re6 41. Kxf5 Kg7 42. Kf4 Rd6 43. Ke4 Kh7 44. a5 bxa5 45. Rb5 Rd4+
46. Ke3 Rg4 47. Kf3 Rd4 48. Rxc5 Rd3+ 49. Kf4 Kg6 50. Rxa5 Rxb3 51. Rc5 Rc3 52.
Rc8 f5 53. Rc6+ f6 54. Rc7 Rc1 55. c5 Rc4+ 56. Ke3 Rc3+ 57. Kd4 Rxg3 58. c6 Rg1
59. Rd7 Rc1 60. c7 f4 61. Ke4 Rc4+ 62. Kd5 Rc1 63. Ke6 f3 64. Rf7 Rc6+ 65. Kd5
f2 66. Kxc6 f1=Q 67. Re7 Qf5 68. Re8 Qc2+ 69. Kd7 Qa4+ 70. Ke7 Qb4+ 71. Kd7
Qd4+ 72. Ke7 Qe5+ 73. Kd7 Qd5+ 74. Ke7 Qc5+ 75. Kd7 Qd5+ 76. Ke7 Qb7 77. Kd8
Qd5+ 78. Ke7 1/2-1/2

[Event "Foxwoods Open"]
[Site "Mashantucket, Ct"]
[Date "1999.04.03"]
[Round "4"]
[White "Grechikhin, Vladimir"]
[Black "Curdo, John"]
[Result "0-1"]
[WhiteElo "2217"]
[BlackElo "2388"]
[PlyCount "72"]
[EventDate "1999.04.01"]

1. Nf3 f5 2. e4 fxe4 3. Ng5 Nf6 4. d3 e5 5. Be2 Bc5 6. Nxe4 Nxe4 7. dxe4 d6 8.
Bh5+ g6 9. Bf3 O-O 10. h4 Nc6 11. Bg5 Qe8 12. c3 Nd8 13. Bh6 Rf6 14. Nd2 Nf7
15. Be3 Bxe3 16. fxe3 Be6 17. Qe2 c6 18. O-O-O d5 19. Bg4 Nd6 20. Bxe6+ Qxe6
21. exd5 cxd5 22. g4 Raf8 23. Rh2 e4 24. g5 R6f7 25. Kb1 Nf5 26. Nb3 Qe5 27.
Rh3 Nd6 28. Rh2 Nc4 29. Rdh1 Rf1+ 30. Rxf1 Rxf1+ 31. Nc1 Rf3 32. Rf2 Qf5 33.
Rh2 Rxe3 34. Qd1 Rf3 35. Qa4 e3+ 36. Qc2 Nd2+ 0-1

[Event "Foxwoods Open"]
[Site "Mashantucket, Ct"]
[Date "1999.04.04"]
[Round "4"]
[White "Filatov, Leonid"]
[Black "Lunenfeld, Richard"]
[Result "1-0"]
[WhiteElo "2242"]
[BlackElo "2210"]
[PlyCount "57"]
[EventDate "1999.04.01"]

1. d4 Nf6 2. Nf3 c5 3. e3 cxd4 4. exd4 d5 5. Bd3 Bg4 6. c3 Nc6 7. Bf4 Qb6 8.
Qb3 Qxb3 9. axb3 Nh5 10. Bg3 Bxf3 11. gxf3 g6 12. b4 Bh6 13. b5 Nd8 14. b6 a6
15. b4 O-O 16. Ra5 Nc6 17. Rxd5 Nf6 18. Rc5 Nd7 19. Rxc6 bxc6 20. Bc7 Rfe8 21.
Be4 Nb8 22. f4 f6 23. d5 e5 24. fxe5 Bf4 25. b7 Ra7 26. dxc6 Rxe5 27. Bxe5 Bxe5
28. O-O Kf8 29. Rd1 1-0

[Event "Foxwoods Open"]
[Site "Mashantucket, Ct."]
[Date "1999.04.03"]
[Round "5"]
[White "Schneider, Dmitry"]
[Black "Smith, Bryan"]
[Result "1-0"]
[WhiteElo "2446"]
[BlackElo "2001"]
[PlyCount "47"]
[EventDate "1999.??.??"]

1. e4 e6 2. Nf3 d5 3. Nc3 Nf6 4. e5 Nfd7 5. d4 c5 6. Bb5 Nc6 7. O-O cxd4 8.
Nxd4 Qc7 9. Bf4 Nxd4 10. Qxd4 Qc5 11. Qd3 Qb4 12. Bg3 Be7 13. a3 Qa5 14. f4 O-O
15. f5 Qb6+ 16. Kh1 Nc5 17. Qe2 f6 18. b4 a6 19. fxe6 Nxe6 20. Nxd5 Qxb5 21.
Nxe7+ Kh8 22. c4 Qe8 23. exf6 gxf6 24. Nd5 1-0

[Event "Foxwoods Open"]
[Site "Mashantucket, Ct."]
[Date "1999.04.03"]
[Round "5"]
[White "Formanek, Edward"]
[Black "Kreiman, Boris"]
[Result "1/2-1/2"]
[WhiteElo "2401"]
[BlackElo "2580"]
[PlyCount "56"]
[EventDate "1999.??.??"]

1. e4 c5 2. Nf3 e6 3. c3 d5 4. e5 d4 5. Bb5+ Bd7 6. Bd3 Nc6 7. O-O Nge7 8. Re1
Ng6 9. Bxg6 hxg6 10. d3 Be7 11. cxd4 Nxd4 12. Nxd4 cxd4 13. Bf4 Qb6 14. Qe2 Rc8
15. Na3 Bxa3 16. bxa3 Qa6 17. Qe4 Bc6 18. Qxd4 Rd8 19. Qc4 Qxc4 20. dxc4 Rd4
21. Be3 Rxc4 22. Bxa7 O-O 23. Rac1 Rxc1 24. Rxc1 Rd8 25. h4 Rd2 26. Bc5 Rxa2
27. Kh2 Re2 28. Be3 Ra2 1/2-1/2

[Event "Foxwoods Open"]
[Site "Mashantucket, Ct."]
[Date "1999.04.03"]
[Round "5"]
[White "Kreitner, Ilan"]
[Black "Karklins, Andrew"]
[Result "0-1"]
[WhiteElo "2200"]
[BlackElo "2410"]
[PlyCount "52"]
[EventDate "1999.??.??"]

1. c4 Nf6 2. Nc3 e6 3. g3 d5 4. cxd5 exd5 5. Bg2 d4 6. Ne4 Nxe4 7. Bxe4 Be7 8.
Qb3 Nd7 9. Bg2 Nc5 10. Qd1 d3 11. e3 Be6 12. Nf3 Bf6 13. h4 a5 14. O-O a4 15.
Ng5 Bxg5 16. hxg5 Qxg5 17. Qf3 h5 18. Qf4 Qxf4 19. exf4 Kd7 20. Bf3 h4 21. g4
f5 22. g5 h3 23. Kh2 Rh4 24. Kg3 Rah8 25. b4 h2 26. Bh1 Rg4+ 0-1

[Event "Foxwoods Open"]
[Site "Mashantucket, Ct."]
[Date "1999.04.04"]
[Round "5"]
[White "Wagman, Stuart"]
[Black "Zaremba, Andrei"]
[Result "0-1"]
[WhiteElo "2262"]
[BlackElo "2413"]
[PlyCount "90"]
[EventDate "1999.??.??"]

1. e4 c5 2. Nf3 d6 3. d4 cxd4 4. Nxd4 Nf6 5. Nc3 g6 6. Be2 Bg7 7. O-O O-O 8.
Kh1 Nc6 9. Nb3 b6 10. Bg5 Bb7 11. f4 Rc8 12. Bf3 Ba6 13. Re1 e5 14. Nd5 Bc4 15.
c3 exf4 16. Nd4 Ne5 17. b3 Bxd5 18. exd5 Rxc3 19. Nc6 Qc7 20. Rc1 Nxf3 21. gxf3
Rxc1 22. Qxc1 Qd7 23. Bxf6 Bxf6 24. Qxf4 Kg7 25. Kg2 h5 26. Re2 Re8 27. Rxe8
Qxe8 28. Qe4 Qd7 29. h3 a6 30. Qf4 b5 31. Qe4 Qc7 32. Qe3 Qc8 33. Qe4 a5 34.
Qd3 Qe8 35. Qe4 Qa8 36. Qd3 a4 37. Qxb5 axb3 38. Qxb3 Qa6 39. Qc2 Qa3 40. Qb3
Qc1 41. a4 Qd2+ 42. Kh1 Bh4 43. Qc4 Qe1+ 44. Kg2 Qf2+ 45. Kh1 Qxf3+ 0-1

[Event "Foxwoods Open"]
[Site "Mashantucket, Ct."]
[Date "1999.04.03"]
[Round "5"]
[White "Curdo, John"]
[Black "Bennett, Alan"]
[Result "1-0"]
[WhiteElo "2388"]
[BlackElo "2301"]
[PlyCount "123"]
[EventDate "1999.??.??"]

1. e4 c5 2. Nf3 e6 3. c3 d5 4. e5 Nc6 5. d4 Qb6 6. dxc5 Bxc5 7. Qc2 Qc7 8. Bf4
Nge7 9. b4 Bb6 10. Bd3 Ng6 11. Bg3 Bd7 12. O-O Rc8 13. Qe2 Qb8 14. Na3 O-O 15.
Nb5 Nce7 16. Rac1 Bxb5 17. Bxb5 Nf5 18. Bd3 Nxg3 19. hxg3 Bd8 20. Rfe1 Re8 21.
Nd4 Nf8 22. a4 a6 23. a5 Be7 24. f4 Rc7 25. Rc2 Rec8 26. Qe3 Kh8 27. Rec1 f6
28. exf6 Bxf6 29. g4 b5 30. g5 Bxd4 31. Qxd4 Qa7 32. Kf2 Kg8 33. Qxa7 Rxa7 34.
Ke3 Kf7 35. Kd4 Ke7 36. Re1 Kd6 37. g4 Ng6 38. Rxe6+ Kxe6 39. Bf5+ Kd6 40. Bxc8
Nxf4 41. Rf2 Rc7 42. Bxa6 Rc4+ 43. Ke3 d4+ 44. cxd4 Nd5+ 45. Ke4 Rxb4 46. Rf7
Rb3 47. Rf3 Rb1 48. Bb7 Re1+ 49. Kd3 Rd1+ 50. Kc2 Rxd4 51. a6 Rc4+ 52. Kb2 Nb6
53. Rf7 Rxg4 54. Rxg7 Kc5 55. a7 Rh4 56. a8=Q Nxa8 57. Bxa8 Kb4 58. Bd5 Rh2+
59. Kb1 Kc3 60. Be4 Rh4 61. Rc7+ Kb3 62. Bc2+ 1-0

[Event "Foxwoods Open"]
[Site "Mashantucket, Ct."]
[Date "1999.04.03"]
[Round "5"]
[White "Privman, Boris"]
[Black "Strenzwilk, Denis"]
[Result "1-0"]
[WhiteElo "2273"]
[BlackElo "2200"]
[PlyCount "147"]
[EventDate "1999.??.??"]

1. d4 d5 2. c4 e6 3. Nc3 Be7 4. cxd5 exd5 5. Nf3 Nf6 6. Bg5 O-O 7. e3 h6 8. Bh4
b6 9. Bd3 Bb7 10. O-O Ne4 11. Bxe7 Qxe7 12. Rc1 Nd7 13. Qe2 c5 14. Rfd1 f5 15.
dxc5 bxc5 16. Ba6 Ndf6 17. h3 Rfe8 18. Bxb7 Qxb7 19. b3 a5 20. Qb5 Qf7 21. Na4
Reb8 22. Qd3 Qe7 23. Nh4 Nxf2 24. Nxf5 Qf7 25. Kxf2 Ne4+ 26. Kg1 Qxf5 27. Qxd5+
Qxd5 28. Rxd5 Rb4 29. Re5 Rd8 30. a3 Ng3 31. Kf2 Ne4+ 32. Kg1 Ng3 33. Kh2 Re4
34. Rxe4 Nxe4 35. Nxc5 Nxc5 36. Rxc5 Rd3 37. Rxa5 Rxb3 38. e4 Re3 39. e5 Kf7
40. a4 g6 41. Rb5 Ra3 42. a5 h5 43. h4 Ke6 44. g3 Ra2+ 45. Kg1 Kf5 46. e6+ Kxe6
47. Rg5 Kf6 48. Kf1 Rd2 49. Ke1 Rd3 50. Ke2 Rd4 51. Ke3 Rd1 52. Ke4 Rd2 53. Rd5
Re2+ 54. Kd4 Ra2 55. Kc4 Ra1 56. Kb5 Rb1+ 57. Kc6 Rb3 58. Rg5 Ra3 59. Kb6 Rb3+
60. Rb5 Rxg3 61. a6 Re3 62. a7 Re6+ 63. Kc5 Re5+ 64. Kb4 Re4+ 65. Kb3 Re3+ 66.
Ka2 Re2+ 67. Rb2 Re8 68. Rb8 Re2+ 69. Kb3 Re3+ 70. Kc2 Ra3 71. a8=Q Rxa8 72.
Rxa8 g5 73. Kd3 gxh4 74. Ke3 1-0

[Event "Foxwoods Open"]
[Site "Mashantucket, Ct."]
[Date "1999.04.03"]
[Round "5"]
[White "Ruiz Gonzalez, G."]
[Black "Freidman, Josef"]
[Result "0-1"]
[WhiteElo "2353"]
[BlackElo "2200"]
[PlyCount "63"]
[EventDate "1999.??.??"]

1. e4 e6 2. d4 d5 3. e5 c5 4. c3 Nc6 5. Nf3 Bd7 6. Be2 Nge7 7. dxc5 Ng6 8. b4
Ncxe5 9. Nd4 Be7 10. O-O O-O 11. f4 Nc6 12. Bd3 Bf6 13. Be3 e5 14. Nxc6 bxc6
15. fxe5 Nxe5 16. Bd4 Re8 17. h3 Qc7 18. Bc2 Qd8 19. Nd2 a5 20. Nb3 axb4 21.
cxb4 g6 22. Na5 Bg7 23. Qd2 Qh4 24. Rad1 f5 25. Bb3 Bh6 26. Qf2 Qh5 27. Nb7 f4
28. Nd6 Re7 29. Qb2 f3 30. Rfe1 Nd3 31. Qc3 Qg5 32. g4 0-1

[Event "Foxwoods Open"]
[Site "Mashantucket, Ct."]
[Date "1999.04.03"]
[Round "5"]
[White "Betaneli, Alexander"]
[Black "Mac Intyre, Paul"]
[Result "1/2-1/2"]
[WhiteElo "2252"]
[BlackElo "2341"]
[PlyCount "93"]
[EventDate "1999.??.??"]

1. c4 e5 2. g3 Nc6 3. Bg2 g6 4. Nc3 Bg7 5. Rb1 a5 6. a3 Nf6 7. b4 axb4 8. axb4
O-O 9. Nf3 d6 10. b5 Ne7 11. O-O Bf5 12. d3 Qc8 13. e4 Bh3 14. Nd5 Nexd5 15.
cxd5 Bxg2 16. Kxg2 Nd7 17. Be3 f5 18. Qc1 f4 19. Bd2 Nc5 20. Qc2 b6 21. Bb4
fxg3 22. fxg3 Bh6 23. h3 Ra7 24. Ra1 Qa8 25. Rxa7 Qxa7 26. Bxc5 bxc5 27. Nd2
Rxf1 28. Nxf1 Qa5 29. Qb2 Qb4 30. Qa2 Qxb5 31. Qa8+ Bf8 32. Qa3 Qb4 33. Qc1 Qd4
34. Qc2 Bh6 35. Qb3 Qb4 36. Qc2 Qe1 37. Qa2 Qd1 38. Qa8+ Bf8 39. Qa6 Qe2+ 40.
Kg1 Qf3 41. h4 Kg7 42. Qb5 Kg8 43. Qa6 Qe2 44. Qb5 Qd1 45. Kg2 Qe2+ 46. Kg1 Qf3
47. Qa6 1/2-1/2

[Event "Foxwoods Open"]
[Site "Mashuntucket, Ct"]
[Date "1999.04.04"]
[Round "6"]
[White "Rajlich, Vasik"]
[Black "Grechikhin, Vladimir"]
[Result "1-0"]
[WhiteElo "2328"]
[BlackElo "2217"]
[PlyCount "63"]
[EventDate "1999.??.??"]

1. e4 e5 2. Nf3 Nc6 3. Bb5 Nd4 4. Nxd4 exd4 5. d3 c6 6. Ba4 d6 7. O-O Nf6 8. c3
dxc3 9. Nxc3 Be7 10. d4 O-O 11. Bc2 Qa5 12. f4 Qh5 13. Qe1 Ng4 14. h3 Nh6 15.
f5 Bd7 16. Bf4 d5 17. Bd1 Qh4 18. Bg3 Nxf5 19. Bxh4 Bxh4 20. Qd2 Ng3 21. exd5
Nxf1 22. Kxf1 cxd5 23. Nxd5 Rae8 24. Bf3 Re6 25. Nc3 b5 26. d5 Re5 27. Qf4 Bf6
28. Ne4 Rf5 29. Nxf6+ Rxf6 30. Qg3 Rc8 31. Re1 h6 32. Kg1 1-0

[Event "Foxwoods Open"]
[Site "Mashuntucket, Ct"]
[Date "1999.04.04"]
[Round "6"]
[White "Resika, Nathan"]
[Black "Sarkar, Justin"]
[Result "0-1"]
[WhiteElo "2218"]
[BlackElo "2354"]
[PlyCount "66"]
[EventDate "1999.??.??"]

1. e4 e6 2. d4 d5 3. Nc3 Nf6 4. e5 Nfd7 5. f4 c5 6. Nf3 Nc6 7. Be3 cxd4 8. Nxd4
Bc5 9. Qd2 O-O 10. O-O-O Bxd4 11. Bxd4 a6 12. h4 b5 13. Rh3 Qa5 14. Kb1 Nxd4
15. Qxd4 b4 16. Ne2 Qc5 17. Qd2 f6 18. Nd4 Qb6 19. Qe3 a5 20. h5 fxe5 21. fxe5
Ba6 22. Rf3 Rxf3 23. gxf3 Bxf1 24. Rxf1 Rf8 25. f4 Nc5 26. Nxe6 Qa6 27. Rf2
Nxe6 28. f5 Nc7 29. Qc5 Qc4 30. Qd6 Qh4 31. Rf1 Rxf5 32. Rg1 Qg5 33. Re1 Qg3
0-1

[Event "Foxwoods Open"]
[Site "Mashuntucket, Ct"]
[Date "1999.04.04"]
[Round "6"]
[White "Beltre, Alexander"]
[Black "Kaufman, Larry"]
[Result "0-1"]
[WhiteElo "2230"]
[BlackElo "2417"]
[PlyCount "94"]
[EventDate "1999.??.??"]

1. e4 e5 2. Nf3 Nc6 3. Bb5 Nf6 4. Qe2 Bc5 5. c3 Qe7 6. O-O O-O 7. d3 d6 8. Bg5
Nd8 9. Re1 Ne6 10. Bh4 Nf4 11. Qf1 h6 12. Nbd2 c6 13. Ba4 Ng6 14. Bg3 Nh5 15.
d4 Bb6 16. Bc2 Qf6 17. Nc4 Bc7 18. Ne3 Re8 19. Rad1 Be6 20. d5 cxd5 21. Nxd5
Bxd5 22. Rxd5 Ngf4 23. Rb5 Rab8 24. a4 a6 25. Rb4 Ne6 26. Bb3 Nc5 27. Bd5 Ba5
28. Rc4 b5 29. axb5 axb5 30. b4 bxc4 31. bxa5 Qe7 32. Nd2 Nf6 33. Nxc4 Nxd5 34.
exd5 Rb3 35. Ra1 Rxc3 36. h4 Nb3 37. Rb1 Qc7 38. Nb6 Rd8 39. Qb5 Nd4 40. Qb4
Qc5 41. Qa4 Ra3 42. Qd1 Rxa5 43. Qg4 Rb8 44. h5 Rxb6 45. Rxb6 Qxb6 46. Bh4 Qb1+
47. Kh2 Qf5 0-1

[Event "Foxwoods Open"]
[Site "Mashuntucket, Ct"]
[Date "1999.04.04"]
[Round "6"]
[White "Freidman, Josef"]
[Black "Gershov, Yevgeniy"]
[Result "0-1"]
[WhiteElo "2200"]
[BlackElo "2375"]
[PlyCount "81"]
[EventDate "1999.??.??"]

1. d4 Nf6 2. Nf3 c5 3. g3 cxd4 4. Nxd4 e5 5. Nb3 d5 6. Bg2 h6 7. O-O Nc6 8. c4
d4 9. e3 d3 10. Nc3 Be6 11. Nd2 Bb4 12. Qa4 Bxc3 13. bxc3 O-O 14. Ba3 Re8 15.
Rab1 Qc7 16. Rxb7 Qxb7 17. Bxc6 Qc7 18. e4 Bd7 19. Bxd7 Nxd7 20. Rd1 Rab8 21.
Nf1 Nb6 22. Qa5 Qxc4 23. Bd6 Rbc8 24. Qxa7 Qc6 25. Rxd3 Red8 26. Ne3 Rxd6 27.
Nf5 Re6 28. Ne7+ Rxe7 29. Qxe7 Re8 30. Qb4 Nc4 31. Rd5 Rc8 32. a4 Qg6 33. Qb7
Rf8 34. Qb1 Ra8 35. h4 Kh7 36. Qb7 Rxa4 37. Rd7 Qg4 38. Rxf7 Nd6 39. Qd7 Ra1+
40. Kh2 Qg6 41. Re7 0-1

[Event "Foxwoods Open"]
[Site "Mashuntucket, Ct"]
[Date "1999.04.04"]
[Round "7"]
[White "Ruiz, Mauricio"]
[Black "Rajlich, Vasik"]
[Result "0-1"]
[WhiteElo "2252"]
[BlackElo "2328"]
[PlyCount "84"]
[EventDate "1999.??.??"]

1. d4 Nf6 2. Nf3 g6 3. g3 Bg7 4. c4 O-O 5. Bg2 d6 6. Nc3 Nbd7 7. O-O e5 8. e4
exd4 9. Nxd4 Re8 10. h3 a6 11. Be3 Rb8 12. a4 Nc5 13. Qc2 a5 14. Rad1 c6 15.
Nxc6 bxc6 16. Bxc5 dxc5 17. Rxd8 Rxd8 18. f4 Nh5 19. Kh2 Bd4 20. Ne2 Rxb2 21.
Qd1 Ba6 22. Nxd4 Rxd4 23. Qc1 Rdd2 24. Rg1 Rdc2 25. Qe3 Bxc4 26. Qxc5 Be2 27.
Qa3 Ra2 28. Qb3 Rab2 29. Qa3 Ba6 30. Qe7 Bf1 31. Qe8+ Kg7 32. Qe5+ Nf6 33. g4
Bxg2 34. g5 Bf1+ 35. Rg2 Rxg2+ 36. Kh1 h5 37. gxf6+ Kh7 38. f5 Rh2+ 39. Kg1
Bxh3 40. fxg6+ Kxg6 41. Qg3+ Bg4 42. Qd3 Rbg2+ 0-1

[Event "Foxwoods Open"]
[Site "Mashantucket, Ct"]
[Date "1999.04.04"]
[Round "7"]
[White "Zaremba, Andrei"]
[Black "Sevillano, Enrico"]
[Result "1-0"]
[WhiteElo "2413"]
[BlackElo "2554"]
[PlyCount "75"]
[EventDate "1999.04.01"]

1. d4 c5 2. e3 d5 3. Nf3 Nf6 4. Be2 Nc6 5. O-O e6 6. b3 Bd6 7. Bb2 O-O 8. c4
dxc4 9. bxc4 cxd4 10. exd4 Qc7 11. Nc3 a6 12. Qd3 Bd7 13. Ne4 Nxe4 14. Qxe4 Ne7
15. c5 Bf4 16. g3 Bh6 17. Ne5 Bc6 18. Nxc6 Nxc6 19. Bf3 Rad8 20. Rfd1 Rfe8 21.
Bc3 Re7 22. Rab1 Red7 23. Rxb7 Qxb7 24. Qxc6 Qc8 25. Qa4 a5 26. Qxa5 g6 27. c6
Rc7 28. Qb5 Rf8 29. Qb6 Bg5 30. d5 exd5 31. Qd4 f6 32. Qxd5+ Rcf7 33. Qc5 Rd8
34. Rxd8+ Qxd8 35. Bd5 Kg7 36. Bxf7 Kxf7 37. c7 Qc8 38. h4 1-0